[Event "AZE-ch Men 2019"]
[Site "Baku"]
[Date "2019.01.20"]
[Round "5"]
[White "Muradli, Mahammad"]
[Black "Shahaliyev, Ismayil"]
[Result "0-1"]
[WhiteElo "2432"]
[BlackElo "2389"]
[Annotator "TA"]
[PlyCount "94"]
[EventDate "2019.01.16"]
[EventType "swiss"]
[EventCountry "AZE"]
[SourceTitle "playchess.com"]
[Source "ChessBase"]
[SourceQuality "1"]

{[%evp 11,94,14,14,12,12,10,14,-6,0,-21,-29,-29,6,0,31,30,18,20,22,23,35,46,32,0,11,-132,-20,-16,0,-51,-47,-49,-37,-39,-37,-36,-42,-47,-68,-61,-53,-261,-243,-288,-256,-254,-248,-241,-253,-242,-175,-191,-139,-124,0,-175,0,-133,0,-167,0,-132,-114,-113,-106,-176,0,0,107,-166,-168,-165,-150,-585,-579,-777,-753,-824,-915,-910,-909,-881,-880,-817,-781]} 1. d4 $146 ({Predecessor:} 1. c4 e6 2. Nf3 d5 3. d4 {½-½ (42) Grachev,B (2639)-Bluebaum,M (2605) Moscow 2016}) 1... e6 2. c4 Nf6 3. Nf3 d5 4. Nc3 Bb4 5. Qa4+ Nc6 6. e3 O-O 7. Qc2 {D38: Queen's Gambit Declined: Ragozin Defence (4 Nf3 Bb4)} b6 ({Predecessor:} 7... Ne7 8. Bd2 {½-½ (42) Grachev,B (2639)-Bluebaum,M (2605) Moscow 2016}) 8. Bd2 Ne7 9. Rd1 {The position is equal.} ({Predecessor:} 9. a3 Bxc3 10. Bxc3 Ba6 11. b3 Rc8 12. Bd3 Nf5 13. O-O Nd6 14. Bb4 c5 15. dxc5 bxc5 {½-½ (42) Grachev,B (2639)-Bluebaum,M (2605) Moscow 2016}) 9... Bb7 10. cxd5 Nexd5 11. Bd3 Bd6 12. a3 Nxc3 13. Bxc3 Bxf3 14. gxf3 Qe7 15. f4 h6 16. Bd2 c5 17. e4 {next e5 is good for White.} Bc7 18. Rc1 (18. dxc5 $11 bxc5 19. Be2) 18... Rfd8 (18... Nh5 $17 19. e5 Qh4) 19. e5 $11 Ng4 {Hoping for ...Qh4.} 20. Be4 (20. Bc3 $1 $11) 20... Qh4 $36 {[%mdl 2048] Black has some pressure.} 21. Rf1 {h3 is the strong threat.} ({Don't go for} 21. Bxa8 $2 Qxf2+ 22. Kd1 Rxd4 $19) 21... Rab8 ({Much less strong is} 21... Nxh2 22. Bxa8 Nxf1 23. Kxf1 $17) 22. h3 $1 {[%cal Rh3g4]} Qxh3 {Threatens to win with ...Nh2.} 23. Rh1 Nh2 {aiming for ...Nf3+.} 24. Qc3 Qh4 $1 25. dxc5 bxc5 26. Be3 $2 ({White has to play} 26. Qg3 $1 $15 Qxg3 27. fxg3) 26... Bb6 $1 $19 27. Rd1 Qg4 {[%csl Gg4][%cal Rd8d1]} 28. Rd6 Bc7 29. Rxd8+ Rxd8 {[%csl Gd8][%cal Rg4d1]} 30. Bd2 Rd4 31. Bc6 Qg6 ({Black should play} 31... Bb6 $19 32. b3 h5) 32. Ke2 $17 {[#]} Qh5+ (32... Re4+ $1 $17 {[%mdl 512]} 33. Be3 (33. Bxe4 Qxe4+) 33... Qg4+ 34. Ke1 Qxf4) 33. Ke1 $2 (33. f3 $11) 33... Qg6 34. Ke2 $1 Qh5+ 35. Ke1 Qg6 36. Ke2 $1 Ng4 37. Rg1 Qf5 $1 38. f3 {[#]} (38. Bf3 $17 {keeps fighting.} h5 39. Be3) 38... Nh2 $2 (38... Nxe5 $1 $19 {[%mdl 512]} 39. fxe5 Bxe5) 39. Be4 $11 Qh5 {[#]} (39... Rxe4+ $11 {keeps the balance.} 40. fxe4 Qh5+ 41. Kf2 Ng4+ 42. Kf1 Nh2+ 43. Kf2 Ng4+ 44. Kf1 Nh2+ 45. Kf2) 40. Qe3 $2 {[%mdl 8192] [#]} (40. Qc2 $1 $16 {is forced if you want to stay better.}) 40... Bb6 $1 $19 41. Bc3 Rd8 42. Rg3 $2 {[#]} (42. Rd1 $17 Rxd1 43. Kxd1) 42... Nf1 $1 {[%mdl 512] Black is clearly winning.} 43. Kxf1 {Black must now prevent Kg2.} c4 44. Qxb6 axb6 45. Kg2 Rd1 46. Rh3 {[#]} Rg1+ $1 {[%mdl 576] Deflection} 47. Kxg1 Qxh3 {Accuracy: White = 48%, Black = 62%.} 0-1

[Event "AZE-ch Men 2019"]
[Site "Baku"]
[Date "2019.01.20"]
[Round "5"]
[White "Gadimbayli, Abdulla"]
[Black "Abdulov, Orkhan"]
[Result "1/2-1/2"]
[WhiteElo "2409"]
[BlackElo "2395"]
[Annotator "TA"]
[PlyCount "115"]
[EventDate "2019.01.16"]
[EventType "swiss"]
[EventCountry "AZE"]
[SourceTitle "playchess.com"]
[Source "ChessBase"]
[SourceQuality "1"]

{[%evp 12,115,56,55,99,98,107,92,105,43,59,57,67,40,87,86,104,61,47,49,59,63,76,25,25,25,48,29,26,24,27,39,32,32,35,31,37,26,30,37,38,39,41,29,61,32,47,0,27,28,112,70,56,27,33,34,29,33,33,34,72,72,64,26,71,53,72,61,72,35,25,15,35,46,36,25,36,0,35,8,8,8,8,11,21,0,0,0,0,0,0,0,8,0,0,0,0,0,0,0,0,0,0,0,0,0]} 1. e4 e5 2. Nf3 Nc6 3. Bb5 {[%cal Bf1b5,Bb5a4,Ba4b3][%mdl 32]} a6 4. Ba4 d6 5. O-O Bd7 6. Re1 g6 {C72: Ruy Lopez: Deferred Steinitz: 5 0-0} (6... g5 7. Bxc6 bxc6 8. d4 g4 9. Nfd2 exd4 10. Nb3 Ne7 11. Nxd4 Bg7 12. Nc3 O-O 13. Bg5 f6 14. Be3 {0-1 (36) Grischuk,A (2785)-Mamedyarov,S (2791) Heraklio 2017}) 7. d4 {LiveBook: 9 Games} b5 $146 ({Predecessor:} 7... Bg7 8. Bg5 f6 9. Be3 Nh6 10. dxe5 Nxe5 11. Bb3 Bg4 12. Nbd2 Qd7 13. Nxe5 fxe5 14. f3 {1-0 (64) Korneev,O (2560)-Vijayalakshmi,S (2359) Stavanger 2018}) 8. Bb3 Bg7 {[%cal Re5d4] White is better.} 9. dxe5 dxe5 10. Qd5 (10. a4 $16 Na5 11. Bd5) 10... Qe7 $14 11. Ng5 {[%cal Rd5f7]} Nh6 $1 12. Be3 Rd8 {[#] White should prevent ...Nd4.} 13. Nf3 $1 Na5 14. Qd2 Nxb3 15. axb3 Ng4 16. Ba7 O-O 17. h3 (17. Qc3 $16) 17... Nf6 $1 $11 18. Qc3 Qe6 $1 19. Ng5 Qc6 $1 20. Qxc6 Bxc6 21. Bc5 Rfe8 22. Rxa6 Bb7 23. Ra7 Bxe4 $1 24. Nxe4 Nxe4 25. Rxe4 {[#] Strongly threatening Re1.} Rd1+ 26. Kh2 Rxb1 27. Rxc7 Rxb2 28. Bd6 h5 29. Rc5 f5 30. Re2 b4 (30... h4 $11) 31. Rc4 ({But not} 31. Bxe5 $6 Bxe5+ 32. Rcxe5 Rxe5 $11) 31... e4 32. Rxb4 Rd8 33. Rb8 Rxb8 34. Bxb8 $14 {[%mdl 4096] Endgame KRB-KRB} h4 35. g3 g5 36. gxh4 gxh4 37. Bf4 Bf6 38. Kg2 Kf7 39. f3 Kg6 40. fxe4 fxe4 41. Be3 Bc3 42. Bf2 Bf6 $1 43. Bb6 Be5 44. Bf2 Bf6 $1 45. Rxe4 {Hoping for Rc4.} Rxc2 {The position is equal.} 46. Kf3 Rc3+ 47. Re3 {Threatens to win with Rxc3.} Rc2 48. b4 {Black must now prevent Rb3.} Rb2 $1 49. Re4 Kh5 $1 50. Re6 Bg5 51. Re5 Kg6 52. b5 Rb3+ 53. Kg2 Rb2 54. Kf3 Rb3+ 55. Kg2 Rb2 56. b6 Bf4 57. Re6+ Kf7 58. Re1 $1 {Precision: White = 48%, Black = 66%.} 1/2-1/2

[Event "AZE-ch Men 2019"]
[Site "Baku"]
[Date "2019.01.20"]
[Round "5"]
[White "Bashirli, Nail"]
[Black "Bajarani, Ulvi"]
[Result "0-1"]
[WhiteElo "2324"]
[BlackElo "2421"]
[Annotator "TA"]
[PlyCount "56"]
[EventDate "2019.01.16"]
[EventType "swiss"]
[EventCountry "AZE"]
[SourceTitle "playchess.com"]
[Source "ChessBase"]
[SourceQuality "1"]

{[%evp 25,56,23,25,-42,-48,-41,-62,-56,-55,-62,8,-51,-45,-181,-188,-305,-307,-301,-301,-306,-306,-293,-298,-302,-306,-396,-404,-395,-397,-4997,-4910,-4910,-1813]} 1. e4 e6 2. d4 d5 3. Nd2 Nf6 4. e5 Nfd7 5. Bd3 ({Predecessor:} 5. c3 c5 {0-1 (30) Kochetkova,J (2314)-L'Ami,A (2271) Jakarta 2013}) 5... c5 6. c3 Nc6 7. Ne2 cxd4 8. cxd4 f6 9. exf6 Nxf6 10. Nf3 $146 (10. O-O Bd6 {½-½ (86) Jones,G (2666)-Volkov,S (2557) Linares 2018}) ({Predecessor:} 10. O-O Bd6 {0-1 (30) Kochetkova,J (2314)-L'Ami,A (2271) Jakarta 2013}) 10... Bd6 11. O-O O-O 12. Bf4 Bxf4 13. Nxf4 Ng4 14. Qc1 {C06: French Tarrasch: 3...Nf6 4 e5 Nfd7 5 Bd3 main lines} (14. Qd2 $11) (14. Qd2 Qf6 15. Ne2 e5 16. dxe5 Ngxe5 17. Nxe5 Qxe5 18. Rae1 Be6 19. Bb5 Qd6 20. Nd4 Bd7 21. Nb3 Rad8 22. Bxc6 bxc6 {½-½ (86) Jones,G (2666)-Volkov,S (2557) Linares 2018}) 14... Qd6 $1 $15 15. g3 e5 16. dxe5 {Black is slightly better.} Ngxe5 17. Be2 ({Predecessor:} 17. Nxe5 Nxe5 18. Be2 Bf5 19. Rd1 d4 20. Qe3 Rad8 21. Qb3+ Kh8 {0-1 (30) Kochetkova,J (2314)-L'Ami,A (2271) Jakarta 2013}) 17... d4 (17... Bf5 $15) 18. Rd1 ({White should try} 18. Nxe5 $11 Nxe5 19. Nd3) 18... Bf5 19. Bc4+ ({White should play} 19. Ne1 $15) 19... Kh8 $19 20. Bd5 (20. Be2 $142) 20... Rac8 $1 21. Nxe5 Nxe5 22. Qd2 g5 23. Qxd4 gxf4 24. gxf4 {[#]} Rg8+ $1 {[%mdl 512]} 25. Kh1 (25. Bxg8 Qxd4) 25... Rcd8 {...Qxd5+! is the strong threat.} 26. f3 ({But not} 26. Qxe5+ Qxe5 27. fxe5 {[#]} Rxd5 $1 $19 {[%mdl 512]}) 26... Bh3 27. Qc3 $2 (27. Qxe5+ Qxe5 28. fxe5 Rxd5 29. Rxd5 Bg2+ {[%mdl 64] Double Attack} 30. Kg1 Bxf3+ {[%mdl 64] Discovered Attack} 31. Kf2 Bxd5 32. Rd1 Rg2+ 33. Ke3 Bxa2 34. b4) 27... Bg2+ 28. Kg1 Qb6+ {Accuracy: White = 25%, Black = 88%.} 0-1

[Event "AZE-ch Men 2019"]
[Site "Baku"]
[Date "2019.01.20"]
[Round "5"]
[White "Abbasov, Amil"]
[Black "Davidov, Samir"]
[Result "0-1"]
[WhiteElo "2190"]
[BlackElo "2344"]
[Annotator "TA"]
[PlyCount "48"]
[EventDate "2019.01.16"]
[EventType "swiss"]
[EventCountry "AZE"]
[SourceTitle "playchess.com"]
[Source "ChessBase"]
[SourceQuality "1"]

{[%evp 14,48,40,53,98,48,58,31,65,49,69,0,0,0,0,-62,63,-95,-76,-120,-96,-166,-187,-248,-215,-244,-205,-694,-621,-1240,-1095,-2141,-2135,-29993,-29994,-29997,-28]} 1. e4 d6 2. d4 Nf6 3. Nc3 Nbd7 4. Nf3 e5 5. Bc4 h6 6. O-O c6 7. a4 Be7 8. h3 {LiveBook: 9 Games. C41: Philidor Defence} (8. Re1 Qc7 9. Ba2 Nf8 10. Nh4 Bg4 11. Qd3 Ne6 12. dxe5 dxe5 13. Nf5 Bxf5 14. exf5 Nf4 15. Bxf4 exf4 {0-1 (70) Chandra,A (2491)-Indjic,A (2542) Philadelphia 2016}) 8... g5 9. dxe5 $146 ({Predecessor:} 9. a5 Qc7 10. Re1 Nf8 11. d5 g4 12. hxg4 Bxg4 13. a6 b5 14. Bb3 {1-0 (54) Tarrio Ocana,F (2326)-Yvinec,J (2349) ICCF email 2008}) 9... dxe5 10. Nh2 {White is slightly better.} Qc7 11. Be3 Nf8 {[%cal Bd7f8,Bf8g6,Bg6f4][%mdl 32]} 12. Ng4 (12. Qd3 $14) 12... Bxg4 $11 13. hxg4 Ng6 14. g3 (14. a5 $11) 14... Qc8 ({Black should try} 14... Nf4 $1 $15) 15. Be2 $2 (15. f3 $14) 15... Qe6 16. Bf3 Rg8 17. Nb1 (17. Kh2 $17) 17... Nf4 $1 $19 18. Nd2 {[#]} (18. gxf4 gxf4 19. Bd2 Nxg4) (18. Nc3 $142 Rd8 19. Qb1) 18... h5 $1 19. gxh5 {[#]} Qh3 $1 20. Re1 $2 (20. Bxf4 gxf4 21. Bg2 Rxg3 22. fxg3 Bc5+ 23. Rf2 Bxf2+ 24. Kf1) 20... N6xh5 21. Nf1 g4 22. Bh1 Rh8 23. gxf4 Nxf4 {[%csl Gh8][%cal Rh3h1]} 24. Ng3 Qh2+ {[%mdl 32768] Accuracy: White = 11%, Black = 61%. . Loss on time!?} 0-1

[Event "AZE-ch Men 2019"]
[Site "Baku"]
[Date "2019.01.20"]
[Round "5"]
[White "Ilyasli, Ughur"]
[Black "Guliev, Sarhan"]
[Result "0-1"]
[WhiteElo "2148"]
[BlackElo "2342"]
[Annotator "ChessBase"]
[PlyCount "176"]
[EventDate "2019.01.16"]
[EventType "swiss"]
[EventCountry "AZE"]
[SourceTitle "playchess.com"]
[Source "ChessBase"]
[SourceQuality "1"]
[TimeControl "40/5400+30:1800+30"]

1. d4 {[%emt 0:00:00]} Nf6 {[%emt 0:00:28]} 2. c4 {[%emt 0:00:00]} e6 {[%emt 0:00:14]} 3. Nf3 {[%emt 0:00:00]} Bb4+ {[%emt 0:00:33]} 4. Bd2 {[%emt 0:01:31]} Qe7 {[%emt 0:00:22]} 5. g3 {[%emt 0:04:18]} Bxd2+ {[%emt 0:01:06]} 6. Nbxd2 {[%emt 0:02:50]} d6 {[%emt 0:00:18]} 7. e4 {[%emt 0:02:04]} e5 {[%emt 0:00:10]} 8. d5 {[%emt 0:00:07]} O-O {[%emt 0:04:51]} 9. Bg2 {[%emt 0:01:43]} a5 {[%emt 0:05:27]} 10. O-O {[%emt 0:10:31]} Ng4 {[%emt 0:07:50]} 11. h3 {[%emt 0:22:00]} Nh6 {[%emt 0:01:31]} 12. Ne1 {[%emt 0:01:11]} f5 {[%emt 0:00:36]} 13. exf5 {[%emt 0:03:08]} Nxf5 {[%emt 0:02:01]} 14. Ne4 {[%emt 0:00:38]} Nd4 {[%emt 0:02:22]} 15. Nc2 {[%emt 0:02:19]} Nxc2 {[%emt 0:00:16]} 16. Qxc2 {[%emt 0:00:06]} Bf5 {[%emt 0:00:05]} 17. f4 {[%emt 0:18:45]} exf4 {[%emt 0:04:02]} 18. Rxf4 {[%emt 0:00:23]} Nd7 {[%emt 0:00:22]} 19. Raf1 {[%emt 0:00:56]} g6 {[%emt 0:03:46]} 20. g4 {[%emt 0:05:24]} Bxe4 {[%emt 0:01:09]} 21. Qxe4 {[%emt 0:00:13]} Ne5 {[%emt 0:01:40]} 22. a3 {[%emt 0:06:17]} Qg5 {[%emt 0:07:39]} 23. c5 {[%emt 0:05:40]} Rxf4 {[%emt 0:03:30]} 24. Rxf4 {[%emt 0:03:10]} dxc5 {[%emt 0:04:57]} 25. h4 {[%emt 0:03:31]} Qe7 {[%emt 0:00:24]} 26. Rf2 {[%emt 0:02:26]} Re8 {[%emt 0:03:26]} 27. g5 {[%emt 0:00:54]} Nf7 {[%emt 0:00:34]} 28. Qe6 {[%emt 0:02:31]} Qxe6 {[%emt 0:01:53]} 29. dxe6 {[%emt 0:00:05]} Rxe6 {[%emt 0:00:10]} 30. Bxb7 {[%emt 0:00:30]} Re5 {[%emt 0:00:30]} 31. Rf4 {[%emt 0:01:26]} Nd6 {[%emt 0:00:15]} 32. Bc6 {[%emt 0:00:07]} c4 {[%emt 0:01:16]} 33. Rd4 {[%emt 0:00:59]} Rc5 {[%emt 0:01:58]} 34. Bd7 {[%emt 0:00:03]} Kf7 {[%emt 0:01:26]} 35. Kf1 {[%emt 0:00:11]} Ke7 {[%emt 0:00:27]} 36. Bg4 {[%emt 0:00:43]} c3 {[%emt 0:01:44]} 37. bxc3 {[%emt 0:00:13]} Rxc3 {[%emt 0:00:02]} 38. Rd2 {[%emt 0:00:59]} Rxa3 {[%emt 0:02:00]} 39. Re2+ {[%emt 0:00:28]} Kd8 {[%emt 0:03:09]} 40. Kg2 {[%emt 0:00:00]} a4 {[%emt 0:00:00]} 41. Rf2 {[%emt 0:02:54]} Re3 {[%emt 0:05:12]} 42. Bd1 {[%emt 0:03:56]} a3 {[%emt 0:00:59]} 43. Ba4 {[%emt 0:14:39]} Ke7 {[%emt 0:01:03]} 44. Rc2 {[%emt 0:03:43]} Kd8 {[%emt 0:00:44]} 45. Bc6 {[%emt 0:00:41]} Rb3 {[%emt 0:00:45]} 46. Rc5 {[%emt 0:01:20]} Nf5 {[%emt 0:01:08]} 47. h5 {[%emt 0:01:32]} a2 {[%emt 0:05:43]} 48. Ra5 {[%emt 0:01:15]} Rb2+ {[%emt 0:00:09]} 49. Kh3 {[%emt 0:00:08]} Nd4 {[%emt 0:00:15]} 50. Bd5 {[%emt 0:00:43]} Nb3 {[%emt 0:00:10]} 51. hxg6 {[%emt 0:02:25]} hxg6 {[%emt 0:01:07]} 52. Bxb3 {[%emt 0:00:03]} Rxb3+ {[%emt 0:00:07]} 53. Kg4 {[%emt 0:00:08]} Rb2 {[%emt 0:00:23]} 54. Kf4 {[%emt 0:00:12]} Kd7 {[%emt 0:00:50]} 55. Ra6 {[%emt 0:00:32]} Rg2 {[%emt 0:01:09]} 56. Kf3 {[%emt 0:01:30]} Rb2 {[%emt 0:03:30]} 57. Kf4 {[%emt 0:00:20]} c6 {[%emt 0:00:53]} 58. Ke5 {[%emt 0:00:39]} Rf2 {[%emt 0:00:17]} 59. Ra7+ {[%emt 0:00:09]} Kc8 {[%emt 0:00:02]} 60. Kd6 {[%emt 0:01:16]} Kb8 {[%emt 0:00:08]} 61. Ra3 {[%emt 0:01:08]} Kb7 {[%emt 0:00:13]} 62. Kc5 {[%emt 0:02:17]} Rc2+ {[%emt 0:01:17]} 63. Kb4 {[%emt 0:00:38]} Kb6 {[%emt 0:00:21]} 64. Ra8 {[%emt 0:00:18]} c5+ {[%emt 0:00:38]} 65. Kb3 {[%emt 0:00:07]} Rg2 {[%emt 0:00:09]} 66. Kc4 {[%emt 0:00:09]} Rg4+ {[%emt 0:00:39]} 67. Kb3 {[%emt 0:00:23]} Rg2 {[%emt 0:00:28]} 68. Kc4 {[%emt 0:00:04]} Rg4+ {[%emt 0:02:23]} 69. Kb3 {[%emt 0:00:08]} Kb5 {[%emt 0:00:09]} 70. Rb8+ {[%emt 0:00:12]} Kc6 {[%emt 0:00:02]} 71. Ra8 {[%emt 0:01:48]} Rg2 {[%emt 0:00:28]} 72. Kc4 {[%emt 0:00:33]} Kb6 {[%emt 0:07:26]} 73. Kb3 {[%emt 0:00:40]} Kb5 {[%emt 0:00:00]} 74. Rb8+ {[%emt 0:01:37]} Kc6 {[%emt 0:00:00]} 75. Ra8 {[%emt 0:00:13]} Kd5 {[%emt 0:00:00]} 76. Kc3 {[%emt 0:00:30]} Rxg5 {[%emt 0:00:11]} 77. Kb3 {[%emt 0:00:27]} Rg2 {[%emt 0:00:11]} 78. Rd8+ {[%emt 0:00:21]} Ke4 {[%emt 0:00:20]} 79. Re8+ {[%emt 0:00:13]} Kf4 {[%emt 0:00:15]} 80. Rf8+ {[%emt 0:00:08]} Kg4 {[%emt 0:00:13]} 81. Ra8 {[%emt 0:00:10]} g5 {[%emt 0:00:24]} 82. Kc4 {[%emt 0:00:04]} Kg3 {[%emt 0:00:33]} 83. Kxc5 {[%emt 0:00:15]} g4 {[%emt 0:00:06]} 84. Kd4 {[%emt 0:00:11]} Rf2 {[%emt 0:00:25]} 85. Ke3 {[%emt 0:02:08]} Kg2 {[%emt 0:00:05]} 86. Ra7 {[%emt 0:00:53]} g3 {[%emt 0:00:09]} 87. Ra8 {[%emt 0:00:26]} Kf1 {[%emt 0:00:11]} 88. Rh8 {[%emt 0:00:41]} g2 {[%emt 0:00:14]} 0-1

[Event "AZE-ch Men 2019"]
[Site "Baku"]
[Date "2019.01.20"]
[Round "5"]
[White "Jafarli, Babak"]
[Black "Isgandarov, Shahriyar"]
[Result "1-0"]
[WhiteElo "2128"]
[BlackElo "2113"]
[Annotator "ChessBase"]
[PlyCount "93"]
[EventDate "2019.01.16"]
[EventType "swiss"]
[EventCountry "AZE"]
[SourceTitle "playchess.com"]
[Source "ChessBase"]
[SourceQuality "1"]
[TimeControl "40/5400+30:1800+30"]

1. d4 {[%emt 0:18:55]} Nf6 {[%emt 0:04:27]} 2. c4 {[%emt 0:00:28]} c6 {[%emt 0:00:07]} 3. Nf3 {[%emt 0:00:12]} d5 {[%emt 0:00:18]} 4. g3 {[%emt 0:00:08]} Bf5 {[%emt 0:01:44]} 5. Nc3 {[%emt 0:00:44]} e6 {[%emt 0:01:11]} 6. Bg2 {[%emt 0:02:12]} Bd6 {[%emt 0:04:15]} 7. O-O {[%emt 0:00:23]} h6 {[%emt 0:03:17]} 8. Re1 {[%emt 0:01:48]} Nbd7 {[%emt 0:02:56]} 9. Nh4 {[%emt 0:09:40]} Bh7 {[%emt 0:03:20]} 10. e4 {[%emt 0:03:35]} dxe4 {[%emt 0:03:01]} 11. Nxe4 {[%emt 0:00:23]} Nxe4 {[%emt 0:00:53]} 12. Bxe4 {[%emt 0:00:09]} Bxe4 {[%emt 0:00:35]} 13. Rxe4 {[%emt 0:00:03]} Nf6 {[%emt 0:01:42]} 14. Re2 {[%emt 0:00:51]} O-O {[%emt 0:01:42]} 15. b3 {[%emt 0:00:15]} Qa5 {[%emt 0:06:48]} 16. a3 {[%emt 0:00:55]} Rad8 {[%emt 0:10:26]} 17. Bb2 {[%emt 0:06:19]} Qg5 {[%emt 0:04:30]} 18. Qc2 {[%emt 0:00:57]} Ng4 {[%emt 0:04:47]} 19. Rae1 {[%emt 0:04:50]} c5 {[%emt 0:09:42]} 20. Nf3 {[%emt 0:02:43]} Qh5 {[%emt 0:02:08]} 21. dxc5 {[%emt 0:05:41]} Bxc5 {[%emt 0:02:12]} 22. b4 {[%emt 0:02:35]} Bb6 {[%emt 0:05:47]} 23. c5 {[%emt 0:00:45]} Bc7 {[%emt 0:00:25]} 24. Kg2 {[%emt 0:00:17]} Qd5 {[%emt 0:02:09]} 25. Re4 {[%emt 0:02:41]} f5 {[%emt 0:08:01]} 26. Rd4 {[%emt 0:01:44]} Qc6 {[%emt 0:01:15]} 27. b5 {[%emt 0:00:10]} Qxb5 {[%emt 0:03:09]} 28. Rxe6 {[%emt 0:00:12]} Rxd4 {[%emt 0:03:00]} 29. Bxd4 {[%emt 0:02:20]} Bd8 {[%emt 0:03:58]} 30. h3 {[%emt 0:02:09]} Nf6 {[%emt 0:00:39]} 31. Qxf5 {[%emt 0:01:18]} Qd7 {[%emt 0:01:17]} 32. Bxf6 {[%emt 0:00:15]} Bxf6 {[%emt 0:00:25]} 33. Qe4 {[%emt 0:00:21]} Rc8 {[%emt 0:01:27]} 34. Rd6 {[%emt 0:08:15]} Qf7 {[%emt 0:00:32]} 35. Qf5 {[%emt 0:00:34]} Rc7 {[%emt 0:01:15]} 36. Ne5 {[%emt 0:03:08]} Qe8 {[%emt 0:02:17]} 37. Nd3 {[%emt 0:01:33]} Rf7 {[%emt 0:00:55]} 38. Qd5 {[%emt 0:00:55]} Kh8 {[%emt 0:00:46]} 39. Nf4 {[%emt 0:01:06]} Kh7 {[%emt 0:01:07]} 40. Re6 {[%emt 0:00:00]} Qd7 {[%emt 0:00:00]} 41. Qe4+ {[%emt 0:03:35]} Kg8 {[%emt 0:03:36]} 42. Ng6 {[%emt 0:00:14]} Rf8 {[%emt 0:02:52]} 43. Nxf8 {[%emt 0:00:20]} Kxf8 {[%emt 0:00:01]} 44. Rd6 {[%emt 0:00:19]} Qc7 {[%emt 0:01:04]} 45. Qe6 {[%emt 0:01:09]} Be7 {[%emt 0:00:23]} 46. Rd7 {[%emt 0:00:08]} Qxc5 {[%emt 0:00:22]} 47. Rxb7 {[%emt 0:00:10]} 1-0

[Event "AZE-ch Men 2019"]
[Site "Baku"]
[Date "2019.01.20"]
[Round "5"]
[White "Ahadzade, Kanan"]
[Black "Babazada, Khazar"]
[Result "1-0"]
[WhiteElo "2019"]
[BlackElo "2299"]
[Annotator "ChessBase"]
[PlyCount "103"]
[EventDate "2019.01.16"]
[EventType "swiss"]
[EventCountry "AZE"]
[SourceTitle "playchess.com"]
[Source "ChessBase"]
[SourceQuality "1"]
[TimeControl "40/5400+30:1800+30"]

1. d4 {[%emt 0:00:00]} Nf6 {[%emt 0:00:00]} 2. c4 {[%emt 0:00:00]} g6 {[%emt 0:00:00]} 3. Nf3 {[%emt 0:00:00]} Bg7 {[%emt 0:00:00]} 4. g3 {[%emt 0:00:00]} O-O {[%emt 0:00:15]} 5. Bg2 {[%emt 0:00:00]} d6 {[%emt 0:00:03]} 6. O-O {[%emt 0:00:01]} Nc6 {[%emt 0:00:02]} 7. Nc3 {[%emt 0:00:09]} a6 {[%emt 0:00:11]} 8. e4 {[%emt 0:09:50]} Rb8 {[%emt 0:00:24]} 9. a4 {[%emt 0:01:40]} Bg4 {[%emt 0:00:39]} 10. Be3 {[%emt 0:00:59]} e5 {[%emt 0:01:07]} 11. d5 {[%emt 0:02:06]} Ne7 {[%emt 0:00:16]} 12. Qc2 {[%emt 0:01:32]} Bxf3 {[%emt 0:00:42]} 13. Bxf3 {[%emt 0:00:07]} Nd7 {[%emt 0:00:01]} 14. Bg2 {[%emt 0:00:39]} f5 {[%emt 0:00:05]} 15. f3 {[%emt 0:00:10]} f4 {[%emt 0:01:02]} 16. Bf2 {[%emt 0:00:34]} fxg3 {[%emt 0:00:59]} 17. hxg3 {[%emt 0:00:37]} Nf6 {[%emt 0:02:12]} 18. Bh3 {[%emt 0:01:13]} Qe8 {[%emt 0:11:49]} 19. Be3 {[%emt 0:03:29]} c5 {[%emt 0:06:38]} 20. Qh2 {[%emt 0:03:40]} h5 {[%emt 0:01:52]} 21. Be6+ {[%emt 0:02:33]} Kh7 {[%emt 0:00:27]} 22. f4 {[%emt 0:01:39]} exf4 {[%emt 0:00:49]} 23. Bxf4 {[%emt 0:00:26]} Rd8 {[%emt 0:01:23]} 24. g4 {[%emt 0:01:49]} Nc8 {[%emt 0:04:53]} 25. Rae1 {[%emt 0:01:50]} Nb6 {[%emt 0:03:15]} 26. e5 {[%emt 0:10:19]} dxe5 {[%emt 0:00:28]} 27. Bxe5 {[%emt 0:01:09]} Nxc4 {[%emt 0:00:58]} 28. Bxf6 {[%emt 0:00:44]} Bxf6 {[%emt 0:00:04]} 29. gxh5 {[%emt 0:01:25]} Kg7 {[%emt 0:04:30]} 30. h6+ {[%emt 0:02:39]} Kh8 {[%emt 0:00:45]} 31. Rxf6 {[%emt 0:03:45]} Rxf6 {[%emt 0:01:05]} 32. Qh4 {[%emt 0:03:12]} Qe7 {[%emt 0:02:44]} 33. Qxc4 {[%emt 0:00:50]} Rdf8 {[%emt 0:01:33]} 34. Qg4 {[%emt 0:10:19]} Qc7 {[%emt 0:01:31]} 35. Qg5 {[%emt 0:02:58]} c4 {[%emt 0:01:10]} 36. Qe3 {[%emt 0:01:31]} Rf4 {[%emt 0:19:47]} 37. Qe5+ {[%emt 0:07:35]} Qxe5 {[%emt 0:00:49]} 38. Rxe5 {[%emt 0:00:06]} Rf1+ {[%emt 0:00:02]} 39. Kg2 {[%emt 0:00:12]} R1f2+ {[%emt 0:00:07]} 40. Kg3 {[%emt 0:00:00]} Rxb2 {[%emt 0:00:00]} 41. d6 {[%emt 0:02:09]} Rb3 {[%emt 0:00:35]} 42. Re3 {[%emt 0:00:17]} b5 {[%emt 0:00:12]} 43. Nd5 {[%emt 0:14:33]} b4 {[%emt 0:04:12]} 44. d7 {[%emt 0:09:53]} Rxe3+ {[%emt 0:00:41]} 45. Nxe3 {[%emt 0:00:01]} c3 {[%emt 0:00:04]} 46. Nc2 {[%emt 0:00:18]} a5 {[%emt 0:00:07]} 47. Kg4 {[%emt 0:00:09]} Rd8 {[%emt 0:01:01]} 48. Nd4 {[%emt 0:00:17]} Kh7 {[%emt 0:02:09]} 49. Kg5 {[%emt 0:00:04]} Rf8 {[%emt 0:00:04]} 50. Nb3 {[%emt 0:00:04]} c2 {[%emt 0:00:14]} 51. Nc1 {[%emt 0:00:04]} Rb8 {[%emt 0:01:48]} 52. Kf6 {[%emt 0:00:13]} 1-0